000 00623nam a2200229 i 4500
001 C2-0308091
003 PPAK
005 20180728094858.0
008 110418s1996 my |||| ||||| | may d
040 _aPPAK
_beng
_cPPAK
_erda
082 0 4 _a959.505
_223
090 0 0 _a959.505
_bPEM
_dKMI
245 0 0 _aPemikir :
_bmembangun minda berwawasan
264 1 _aKuala Lumpur :
_bUtusan ,
_c1996
300 _avii, 164 pages ;
_c25 cm
336 _2rdacontent
_atext
337 _2rdamedia
_aunmediated
338 _2rdacarrier
_avolume
500 _aOktober-Disember
650 1 0 _aMalaysia - Periodicals.
942 _ddc
_cB
999 _c110747
_d110747